Body Parts in Different Languages - Statistics

General Stats
  • This quiz has been taken 108 times
  • The average score is 29 of 60
Answer Stats
Hint Answer % Correct
English arm
92%
English eye
89%
English foot
89%
English stomach
89%
English ear
87%
English tooth
85%
English leg
79%
English hand
76%
German Hand
76%
English mouth
74%
Portuguese cara
73%
English face
73%
English hair
71%
French dent
69%
French tête
69%
Spanish pie
68%
Spanish cabeza
58%
Spanish ojo
55%
Spanish corazón
53%
French bras
52%
French coeur
52%
Spanish boca
50%
Portuguese boca
50%
French main
50%
Spanish mano
50%
Portuguese
50%
French pied
50%
Spanish nariz
48%
Portuguese nariz
48%
French nez
48%
Spanish estómago
47%
Portuguese estômago
47%
Spanish oreja
47%
Spanish cara
45%
English neck
45%
Spanish brazo
44%
Portuguese dente
40%
French jambe
40%
French oreille
40%
Portuguese coração
37%
Portuguese braço
34%
Portuguese cabeça
34%
French oeil
34%
French cheveux
31%
German Kopf
31%
German Nase
31%
Portuguese olho
31%
French cou
27%
German Herz
24%
Portuguese perna
24%
German Zahn
24%
German Ohr
23%
Portuguese cabelo
21%
Spanish cuello
19%
German Gesicht
19%
German Mund
19%
German Bein
18%
German Haar
13%
German Magen
13%
German Hals
6%
No matching quizzes found
Score Distribution
Percent of People with Each Score
Percentile by Number Answered
Your Score History
You have not taken this quiz